000 01850nam a2200469 i 4500
001 49752
003 KOSZ 005
005 20210629094308.0
008 971216s1988 pl f d |000 0 pol
015 _aUWD 1988/10025
035 _a991003368729705066
035 _a(PL-WaBN)b10902995-48omnis_nlop
035 _ab10902995
035 _a(OCoLC)835041736
035 _axx001041841
035 _a(PL)b0000001090299
035 _a(EXLNZ-48OMNIS_NETWORK)9910038046805606
040 _aWA N
_cWA N
_dKOSZ 005/HR
041 0 _apolengfregerrus
046 _k1988
080 _a528.7(03)=00
245 0 0 _aSłownik terminologiczny (pięciojęzyczny) z zakresu fotogrametrii i teledetekcji.
_nT. 1,
_pPolskie terminy i ich definicje oraz odpowiedniki terminów w językach angielskim, francuskim, niemieckim i rosyjskim /
_cpod red. Zbigniewa Sitka ; Sekcja Fotogrametrii i Teledetekcji Komitetu Geodezji Polskiej Akademii Nauk, Zakład Fotogrametrii Instytutu Geodezji Górniczej i Przemysłowej Akademii Górniczo-Hutniczej w Krakowie.
260 _aKraków :
_bWydaw. AGH,
_c1988.
300 _a262 s. ;
_c24 cm.
336 _aTekst
_btxt
_2rdacontent
337 _aBez urządzenia pośredniczącego
_bn
_2rdamedia
338 _aWolumin
_bnc
_2rdacarrier
380 _aKsiążki
388 _a1901-2000
388 _a1989-2000
504 _aBibliogr. s. 7-8.
650 7 _aFotogrametria
_2DBN
650 7 _aTeledetekcja
_2DBN
650 7 _aTerminologia
655 7 _aSłownik terminologiczny
_2DBN
655 7 _aSłownik wielojęzyczny
_2DBN
658 _aGeografia i nauki o Ziemi
700 1 _aSitek, Zbigniew
_d(1928- )
_eRedakcja
856 _uhttp://koha.tu.koszalin.pl/cgi-bin/koha/opac-detail.pl?biblionumber=49752
_yKatalog online BPK
942 _2UKD
_cKS
999 _c49752
_d49752